• 首页
  • 本馆介绍
  • 公告通知
  • 最新文献
  • 馆藏检索
  • 电子资源
  • 读者导购
  • 参考咨询
  • 我的图书馆
  • 登录
  • 详细信息显示
  • 放入我的书架
  • 预约/预借图书
  • 作者相关作品
  • 分类相关作品
  • 丛书相关作品
  • 出版社相关作品

书目信息

  • 表格格式
  • 工作单格式
  • 卡片格式
题名:
八卦散手六十四路
    
 
作者: 蒋浩泉 , 裴锡荣 著
分册:  
出版信息: 合肥   安徽教育出版社  1983
页数: 127页
开本: 19cm
丛书名:
单 册:
中图分类: G852.4
科图分类:
主题词: 散打(武术)--中国
电子资源:
ISBN:
000 00659nam0 2200241 45
001 0183010948
005 20060820152833.59
010    @dCNY0.35
091    @aCN@b7276.63
100    @a19950627d1983 em y0chiy0121 ea
101 0  @achi
102    @aCN@b340000
105    @ay z 000yy
200 10 @a八卦散手六十四路@Aba gua san shou liu shi si lu@f蒋浩泉,裴锡荣著
210    @a合肥@c安徽教育出版社@d1983
215    @a127页@d19cm
606    @a散打(武术)@y中国
690    @aG852.4@v3
701  0 @a蒋浩泉@Ajiang hao quan@4著
701  0 @a裴锡荣@Apei xi rong@4著
801  0 @aCN@bTSSF@c20060820
801  2 @aCN@bNLC@c20060810
905    @a10447@dG852.4@e125
    
    八卦散手六十四路/蒋浩泉,裴锡荣著.-合肥:安徽教育出版社,1983
    127页;19cm
    
    
    ISBN :CNY0.35
    
●
相关链接 在E读中查询图书 在五车中查询图书 在当当中查询图书 在豆瓣中查询图书


正题名:八卦散手六十四路     索取号:G852.4/125         预约/预借

序号 登录号 条形码 馆藏地/架位号 状态 备注
1 0448435   204484352   密集书库/ [索取号:G852.4/125] 在馆    
2 0470848   204708487   密集书库/ [索取号:G852.4/125] 在馆    
唐山师范学院图书馆 欢迎您!
大连网信软件有限公司© 版权所有